Statistiken für Hauptstädte am Nächsten zu Wien

Klicken Sie hier um das Quiz zu spielen!

Allgemein

  • Dieses Quiz wurde 272 mal gespielt
  • Das Durchschnittsergebnis liegt bei 15 aus 20

Antwortstatistiken

kmHauptstadt% Korrekt
524Berlin
97%
251Prag
96%
215Budapest
95%
766Rom
94%
684Bern
93%
56Bratislava
92%
268Zagreb
87%
278Ljubljana
86%
527Vaduz
85%
557Warschau
84%
490Belgrad
78%
509Sarajevo
71%
564San Marino
69%
820Sofia
64%
722Priština
61%
766Vatikanstadt
61%
813Tirana
58%
797Skopje
57%
681Podgorica
56%
764Luxemburg
54%

Verteilung der Resultate

Perzentil nach korrekt beantworteten Fragen

Anzahl Personen mit jedem Resultat

Ihre Resultats-Entwicklung

Sie haben dieses Quiz noch nicht gespielt